|
|
|
|
| LEADER |
00000nas a2200000 i 4500 |
| 001 |
ssj0000581609 |
| 003 |
WaSeSS |
| 005 |
20200512172242.0 |
| 006 |
m d |
| 007 |
cr n |
| 008 |
101203c20119999nz uu p s 0 a0eng c |
| 010 |
|
|
|a 2013268536
|
| 016 |
7 |
|
|a 101593783
|2 DNLM
|
| 022 |
|
|
|a 2230-2492
|l 2230-2492
|
| 035 |
|
|
|a (WaSeSS)ssj0000581609
|
| 040 |
|
|
|a NZ1
|b eng
|e pn
|c NZ1
|d OCLCQ
|d CUD
|d SERSO
|d OCLCF
|d CUS
|d OCLCO
|d CUS
|d EUW
|d OCLCQ
|d NLM
|d WT2
|d OCLCO
|d OCLCQ
|d OCLCA
|d OCLCQ
|d AU@
|d OCLCA
|d OCLCQ
|d CNMTR
|d OCLCQ
|d WaSeSS
|
| 042 |
|
|
|a pcc
|
| 050 |
|
4 |
|a QH438.4.B55
|
| 060 |
0 |
0 |
|a W1
|
| 082 |
0 |
4 |
|a 612.015
|
| 210 |
1 |
|
|a Curr. biomark. find.
|
| 210 |
1 |
0 |
|a Curr Biomark Find
|2 dnlm
|
| 222 |
|
0 |
|a Current biomarker findings
|
| 245 |
0 |
0 |
|a Current biomarker findings
|h [electronic resource].
|
| 246 |
1 |
|
|i Title in HTML header:
|a Journal of current biomarker findings
|
| 260 |
|
|
|a [Auckland, New Zealand] :
|b Dove Medical Press,
|c [2011]-
|
| 362 |
1 |
|
|a Began with Volume 1 (2011).
|
| 500 |
|
|
|a Archived by the National Library of New Zealand.
|
| 500 |
|
|
|a Hypertext links contained in the archived instances of this title are non-functional.
|5 Nz
|
| 506 |
|
|
|a License restrictions may limit access.
|
| 515 |
|
|
|a Numbering from Archive page.
|
| 515 |
|
|
|a Articles added irregularly during the year and collected into annual issues.
|
| 588 |
0 |
|
|a Volume 1 (2011).; title from journal home page (publisher's Web site, viewed August 22, 2013).
|
| 588 |
1 |
|
|a Volume 6 (2016) (viewed on Nov. 7, 2016).
|
| 650 |
|
0 |
|a Biochemical markers
|v Periodicals.
|
| 650 |
1 |
2 |
|a Biomarkers.
|
| 650 |
|
7 |
|a Biochemical markers.
|2 fast
|0 (OCoLC)fst00831950
|
| 655 |
|
0 |
|a Electronic journals.
|
| 856 |
4 |
0 |
|z Full text available from Research Library: 01/01/2011 to present
|u https://search.proquest.com/publication/3933174
|